Figure Out the Classic Novel Quiz Stats

 Plays Quiz Updated May 7, 2019

Score 0/183 Timer 10:00
11 Plays Today
Answer % Correct
the
97.8%
the
97.8%
the
97.8%
the
97.8%
The
97.8%
the
97.8%
The
97.8%
the
97.8%
the
97.8%
the
97.8%
the
97.8%
the
97.8%
the
97.8%
the
97.8%
the
97.8%
the
97.8%
The
97.8%
the
97.8%
the
97.8%
The
97.8%
The
97.8%
The
97.8%
the
97.8%
the
97.8%
the
97.8%
the
97.8%
the
97.8%
a
97.4%
a
97.4%
a
97.4%
a
97.4%
In
77.4%
in
77.4%
in
77.4%
in
77.4%
in
77.4%
in
77.4%
and
77%
and
77%
and
77%
and
77%
and
77%
and
77%
and
77%
and
77%
and
77%
and
77%
and
77%
and
77%
To
76.4%
to
76.4%
to
76.4%
on
75.3%
of
70.3%
of
70.3%
of
70.3%
of
70.3%
of
70.3%
of
70.3%
of
70.3%
for
62.8%
Answer % Correct
they
62.1%
they
62.1%
they
62.1%
so
57.9%
so
57.9%
so
57.9%
day
53.1%
day
53.1%
not
52.2%
not
52.2%
not
52.2%
were
51.1%
that
45.1%
that
45.1%
as
44.2%
did
39.4%
did
39.4%
did
39.4%
had
38.4%
after
37.7%
went
37.3%
sun
35.5%
under
32.5%
down
31.9%
any
29.2%
any
29.2%
last
28.8%
last
28.8%
last
28.8%
sky
28.7%
sky
28.7%
thin
27%
red
26.8%
red
26.8%
red
26.8%
came
26.7%
dark
26.2%
more.
24.8%
more.
24.8%
long
24.7%
green
24.6%
green
24.6%
green
24.6%
white
23.9%
May
22%
earth.
21.9%
earth
21.9%
earth
21.9%
grass
20.8%
away,
19.1%
line
19%
clouds
18.8%
clouds
18.8%
while
18.1%
try
17.8%
gray
17.4%
gray
17.4%
gray
17.4%
country
17%
country
17%
country
17%
Answer % Correct
country
17%
country
17%
country.
17%
each
16.6%
spring
16.5%
until
16.5%
part
16.4%
part
16.4%
brown
16.3%
high
16.2%
grew
15.6%
grew
15.6%
along
14.6%
along
14.6%
pink
14.5%
hard
14.4%
became
14.4%
became
14.4%
edge
14.2%
hung
13.7%
rains
13.7%
rains
13.7%
began
13.5%
cover.
13.5%
corn
13.4%
corn
13.4%
roads
13.1%
darker
13%
pale
12.9%
pale,
12.9%
pale,
12.9%
cut
12.9%
appeared,
12.7%
Oklahoma,
12.7%
quickly
12.6%
growing
12.6%
sides
12.5%
disappear
12.5%
weed
12.4%
crust,
12.3%
themselves,
12.3%
crossed
12.3%
gently,
12.3%
lifted
12.3%
scarred
12.2%
spread
12.2%
spread
12.2%
plows
12.1%
weeds
12.1%
rivulet
12.1%
marks.
12.1%
protect
12.1%
recrossed
12.1%
scattered
12.1%
surface
12.1%
dissipated.
12.1%
puffs
12.1%
flared
12.1%
colonies
12%
crusted,
12%
bayonet.
12%

You're not logged in!

Compare scores with friends on all Sporcle quizzes.
OR
Log In

Sporcle TV

Today on Sporcle TV


Watch our educational content, quiz creation guides, and fun videos on Sporcle TV.

Show Comments

Extras

Top Quizzes Today


Score Distribution

Your Account Isn't Verified!

In order to create a playlist on Sporcle, you need to verify the email address you used during registration. Go to your Sporcle Settings to finish the process.

Report this User

Report this user for behavior that violates our Community Guidelines.

Details: